States with an NBA team - Statistics

General Stats
  • This quiz has been taken 20 times
  • The average score is 19 of 23
Answer Stats
Teams State % Correct
4 California
100%
1 Georgia
100%
2 New York
100%
3 Texas
100%
1 Arizona
94%
1 Colorado
94%
2 Florida
94%
1 Louisiana
94%
1 Massachusetts
94%
1 Michigan
94%
1 North Carolina
94%
1 Washington, DC
94%
1 Wisconsin
94%
1 Indiana
88%
1 Minnesota
88%
1 Ohio
88%
1 Oregon
81%
1 Oklahoma
75%
1 Pennsylvania
75%
1 Tennessee
75%
1 Utah
75%
1 Illinois
44%
1 Ontario, Canada
6%
No matching quizzes found
Score Distribution
Percent of People with Each Score
Percentile by Number Answered
Your Score History
You have not taken this quiz